Numbers 1 - 10 in Spanish - Statistics

General Stats
  • This quiz has been taken 216 times
  • The average score is 9 of 10
Answer Stats
Hint Answer % Correct
Two Dos
100%
One Uno
100%
Three Tres
98%
Five Cinco
82%
Four Cuatro
82%
Eight Ocho
82%
Six Seis
82%
Nine Nueve
80%
Seven Siete
80%
Ten Diez
79%
No matching quizzes found
Score Distribution
Percent of People with Each Score
Percentile by Number Answered
Your Score History
You have not taken this quiz